LIBRARY ONLINE CATALOGUE

Organic farming : (Record no. 10011)

MARC details
000 -LEADER
fixed length control field 00617nam a22002052 4500
001 - CONTROL NUMBER
control field 0000023852
005 - DATE AND TIME OF LATEST TRANSACTION
control field 20151217152250.0
008 - FIXED-LENGTH DATA ELEMENTS--GENERAL INFORMATION
fixed length control field 130405s xx 000 0 eng d
020 ## - INTERNATIONAL STANDARD BOOK NUMBER
International Standard Book Number 8177543636 :
040 ## - CATALOGING SOURCE
Original cataloging agency KABU
Transcribing agency KABU
245 10 - TITLE STATEMENT
Title Organic farming :
Remainder of title principles, prospects and problems /
Statement of responsibility, etc. editor, Suresh N. Deshmukh.
250 ## - EDITION STATEMENT
Edition statement 1st ed.
260 ## - PUBLICATION, DISTRIBUTION, ETC. (IMPRINT)
Place of publication, distribution, etc. Jodhpur, India :
Name of publisher, distributor, etc. AGRBIOS,
Date of publication, distribution, etc. 2010.
300 ## - PHYSICAL DESCRIPTION
Extent 359 p.
650 #0 - SUBJECT ADDED ENTRY--TOPICAL TERM
Topical term or geographic name as entry element Organic farming.
-- 0000183600
650 #0 - SUBJECT ADDED ENTRY--TOPICAL TERM
Topical term or geographic name as entry element Organiculture.
-- 0000183601
852 1# - LOCATION
-- p2690 KES
908 ## - PUT COMMAND PARAMETER (RLIN)
Put command parameter 130405
950 ## - LOCAL HOLDINGS (RLIN)
-- 1
Holdings
Withdrawn status Lost status Source of classification or shelving scheme Not for loan Home library Current library Date acquired Total Checkouts Full call number Barcode Date last seen Price effective from Koha item type
    Library of Congress Classification   Kabarak, Main Campus Kabarak, Main Campus 17/12/2015   S605.5 .O74 2010 c. 1 014908 17/12/2015 17/12/2015 General Collection